000 00901nam a22002177a 4500
005 20240530110447.0
008 150428s2008 ua afo f b 000 0 ara d
017 _a2008/5111
_bمصر . دار الكتب المصرية
020 _a9789774207544
040 _aEG-CaGPL
082 0 4 _221
_a962.3
_bق/ع د
100 0 _aعبدالحميد صبحى ناصف
245 1 0 _aدير سانت كاترين فى العصر العثمانى /
_cعبدالحميد صبحى ناصف
260 _aالقاهرة :
_bالهيئة المصرية العامة للكتاب ،
_c2008 .
300 _a306 ص :
_bصور ، لوحات ؛
_c24 سم .
490 _aتاريخ المصريين ؛
_v277
650 0 4 _aدير سانت كاترين
_xتاريخ
650 0 4 _aدير سانت كاترين
_xتاريخ
_yالعصر العثمانى
942 _2ddc
_cBK
999 _c61170
_d61170